000 00464nam a2200205Ia 4500
005 20240823014019.0
008 240823s9999||||xx |||||||||||||| ||und||
020 _a81-88429--02-3
041 _aENGLISH
082 _A624 P4
100 _aHegde R K
245 0 _aCivil Engineering
250 _a1st
260 _c2003
_bScitech Ch
_aChennai
500 _aYES
650 _aCIVIL
_bCivil
700 _a Shivaakumaraswamy B
942 _cBK
999 _c168877
_d168877